| 000 | 01323nam0a22003251 4500 | ||
|---|---|---|---|
| 001 | RU\NLR\INFOCOMM_190\5000085759 | ||
| 005 | 20250613101829.0 | ||
| 035 | _a(NLR Aleph) 009395529 | ||
| 090 |
_a8070604 _c8070604 |
||
| 100 | _a20110118d1984 |||y0rusy50 ca | ||
| 101 | 1 |
_aspa _crus |
|
| 102 | _aRU | ||
| 105 | _aa ||||000|y | ||
| 200 | 1 |
_a... Y entonces el mundo oyó _e"¡Urengoi!" _fGuénrij Gurkov, Valeri Evseev _g[Trad. del ruso por Oleg Karanshov] |
|
| 210 |
_aM. _cProgreso _d1984 |
||
| 215 |
_a224 с., 32 с. цв. ил. _cцв. ил. _d17 см |
||
| 300 | _aВ вып. дан.: И тогда мир услышал: Уренгой! / Генрих Гурков, Валерий Евсеев | ||
| 606 |
_aГазопроводы магистральные _yСибирь, Западная _2nlr_sh1 |
||
| 607 |
_aУренгой _xЭкономическая география _2nlr_sh1 |
||
| 686 |
_aУ37(6)66(2Р53) _2rubbk |
||
| 686 |
_aУ04(2Р53) _2rubbk |
||
| 700 | 1 |
_9z01790 _aGurkov _bG. I. _f1933- _gGenrich Iosifovič _4070 |
|
| 701 | 1 |
_9z02790 _aEvseev _bV. P. _f1944- _gValerij Petrovič _4070 |
|
| 790 | 1 |
_9z01700 _aGurkov _bG. _gGuénrij _4070 |
|
| 790 | 1 |
_9z02701 _aEvseev _bV. _gValeri _4070 |
|
| 801 | 1 |
_aRU _bNLR _c20110118 |
|
| 801 | 0 |
_aRU _bNLR _gPSBO |
|
| 852 |
_aNLR _jЭк61 Д-1/7 |
||
| 942 | _cBOOK | ||
| 980 | _aNB | ||